Girls Like You - Maroon 5 Feat. Cardi B - All Lyrics - Statistics

General Stats
  • This quiz has been taken 123 times
  • The average score is 426 of 531
Answer Stats
Answer % Correct
you
99%
You
99%
you,
99%
you)
99%
(Ayy,
97%
girl
97%
I
97%
like
97%
(Like
97%
uh)
97%
a
95%
ah
95%
(Huh?)
95%
me
95%
me,
95%
(Oh,
95%
oh)
95%
(Oh)
95%
ooh
95%
(Wooh)
95%
wit'
94%
girls
92%
Girls
92%
(Girls
92%
with
92%
guys
91%
need
91%
when
90%
the
89%
The
89%
yeah,
89%
yeah
89%
Yeah,
89%
it
86%
it,
86%
'Cause
85%
'cause
85%
come
84%
Come
84%
'round
84%
We
84%
to
83%
Why
83%
So
82%
through
82%
And
81%
get
81%
it's
81%
more
80%
my
80%
run
80%
Run
80%
who
80%
I'm
78%
let
78%
too
78%
But
77%
Cardi,
77%
Cardi
77%
don't
77%
And
76%
and
76%
for
76%
twenty-four
76%
was
75%
is
74%
now
74%
Spent
74%
spent
74%
up
74%
up,
74%
want
74%
call?
73%
crazy
73%
babe
72%
sundown
72%
all
70%
know
70%
Know
70%
night
70%
other
70%
play
70%
right
70%
spice
70%
gonna
69%
if
69%
last
69%
on
69%
your
69%
enough
68%
good,
68%
hours,
68%
hours
68%
mama
68%
always
67%
every
67%
someone
67%
that
67%
us
67%
weekend
67%
between
66%
meet
66%
time,
66%
time
66%
best
65%
nice
65%
Not
65%
things
65%
dancing
64%
getting
64%
Harley,
63%
Harley
63%
heart,
63%
light,
63%
light
63%
real
63%
dollars
61%
'Til
61%
comes
60%
even,
60%
forbidden?
60%
stop,
60%
stop
60%
really
59%
day
58%
long
58%
red
58%
twenty
58%
you're
58%
limit
57%
over
57%
this
57%
tryna
57%
ago,
56%
carriage
56%
(Carriage)
56%
horse
56%
love
56%
Love
56%
them
56%
were
56%
white
56%
let's
55%
rev
53%
sure
53%
guitar,
52%
one
52%
thinkin'
52%
fruit
51%
kitty
51%
flight
50%
make
50%
making
50%
Porsches
50%
close
49%
close,
49%
Maybe
49%
maybe
49%
nights
49%
alive
48%
here
48%
late
48%
What
48%
barely
47%
drunk,
47%
shit
47%
six
47%
though
47%
forty-five,
45%
whole
45%
better
44%
fugazi
44%
coming
43%
drive
43%
fun,
42%
carats
40%
of
40%
daylight
39%
Backwood,
38%
Took
36%
you've
36%
Roll
35%
way
35%
taken
33%
far
32%
thinking
32%
doin'
31%
No matching quizzes found
Score Distribution
Percent of People with Each Score
Percentile by Number Answered
Your Score History
You have not taken this quiz